000 01066nam a22002417a 4500
999 _c12467
_d12467
003 AR-CdUCM
008 190409b ||||| |||| 00| 0 spa d
020 _a978-9972-691-98-0
040 _aMUNICIPALIDAD PROVINCIAL DEL CUSCO
_cBIBLIOTECA MUNICIPAL DEL CUSCO
082 _aC / 985.019 /
_bB26
100 _aBauer, Brian S.
_93012
245 _aEstudios arqueológicos sobre los incas /
260 _aCusco :
_bCentro de estudios regionales andinos Bartolomé de las Casas,
_c2011.
300 _a223 páginas ;
_bIlustraciones,
_c24 cm.
440 _aArchivos de historia andina ;
_n47
_930321
505 _aContenido: Legitimación del estado a través de la mitología y ritos incas -- Peregrinaciones y geografía del poder en el estado inca -- La roca sagrada del Titicaca: donde el sol regresaba a la tierra ...
650 _aArqueología
_9371
650 _aEstado inca
_930322
650 _aMitos y ritos incas
_930323
710 _aCentro de estudios regionales andinos Bartolomé de las Casas
_97768
942 _2ddc
_cLIBROS
945 _aacv
_d2019-04-09